Návrh softvéru pre identifikáciu neštandardných stavov prevádzky urýchľovača MTF STU

Guardado en:
Detalles Bibliográficos
Autor principal: Morozova, Veronika (Autor)
Otros Autores: Noga, Pavol (Orientador)
Formato: Manuscrito Libro
Lenguaje:eslovaco
Publicado: 2025
Materias:
Acceso en línea:http://is.stuba.sk/zp/portal_zp.pl?podrobnosti=180243
Etiquetas: Agregar Etiqueta
Sin Etiquetas, Sea el primero en etiquetar este registro!

MARC

LEADER 00000ntm a22000003a 4500
001 stuzp103980
003 SK-STU
005 20250628211042.5
007 ta
008 150427s2015----xo-----f-mn---000-0-slo-d
040 |a STU  |b slo 
041 0 |a slo 
100 1 |a Morozova, Veronika  |u 066000  |4 aut  |U MTF Materiálovotechnologická fakulta  |T MTF Ústav aplikovanej informatiky, automatizácie a mechatroniky  |X 123705  |U M6000  |Y 86  |7 123705 
242 0 1 |a Software Design for the indentification of Non-Standard Operating States of the MTF STU Accelerator  |y eng 
245 1 0 |a Návrh softvéru pre identifikáciu neštandardných stavov prevádzky urýchľovača MTF STU 
260 |c 2025 
650 4 |a iónový urýchľovač  |2 slo 
650 4 |a detekcia anomálií  |2 slo 
650 4 |a Python  |2 slo 
650 4 |a monitorovanie procesov  |2 slo 
650 4 |a ion accelerator  |2 eng 
650 4 |a Python  |2 eng 
650 4 |a process monitoring  |2 eng 
650 4 |a anomaly detection  |2 eng 
700 1 |a Noga, Pavol  |u 067000  |k Z1  |4 ths  |U MTF Materiálovotechnologická fakulta  |T MTF Ústav výskumu progresívnych technológií  |X 10084  |U MN7000  |Y 87  |7 A000010084 
856 4 |u http://is.stuba.sk/zp/portal_zp.pl?podrobnosti=180243 
996 |c M* BP-9994  |l MMSKP  |s P  |a 0  |w stuzp103980_0001